Mapa de África Oriental - Estadísticas

Estadísticas generales
  • Esta prueba ha sido intentada 5.423 veces
  • La puntuación promedio es 15 de 20
Respuestas en el mapa
Las respuestas están codificadas por una escala verde-roja en el mapa de la prueba según el % correcto abajo.
 
Estadísticas de respuestas
Respuesta % Correcto
Madagascar
93%
Somalia
93%
Etiopía
85%
Kenia
85%
Eritrea
84%
Mozambique
83%
Tanzania
83%
Sudán del Sur
80%
Yibuti
79%
Malaui
77%
Seychelles
77%
Uganda
76%
Zimbabue
76%
Ruanda
75%
Zambia
73%
Burundi
67%
Comoras
65%
Mauricio
64%
Réunion (Francia)
62%
Mayotte (Francia)
56%
No se encontraron pruebas coincidentes
Distribución de puntuación
Porcentaje de gente con cada puntuación
Porcentaje por número respondido
Historial de tus puntuaciones
No has intentado esta prueba.